| 000 | 00941nam a2200253Ia 4500 | ||
|---|---|---|---|
| 003 | OSt | ||
| 005 | 20220923230935.0 | ||
| 006 | a|||||r|||| 00| 0 | ||
| 007 | ta | ||
| 008 | 220922b |||||||| |||| 00| 0 hin d | ||
| 024 | _a316,997 | ||
| 037 | _cTextual | ||
| 040 |
_aARTS _cARTS _bhin |
||
| 041 |
_2hin _ahin |
||
| 082 | _a2:8, 152M8 | ||
| 100 |
_aसक्सेना, एल.एस., संपा. _9160746 |
||
| 245 | 0 | _aपुस्तकालय संगठन तथा व्यवस्थापन | |
| 246 | _aPustakālaya sangaṭhan tathā vyavasthāpana | ||
| 260 |
_aभोपाल _b हिन्दी ग्रंथ अकादमी _c1988 |
||
| 300 |
_a455i`- _ccm. |
||
| 650 |
_aपुस्तकालय-सूचना प्रौद्योगिकी _9158639 |
||
| 942 |
_h2:8, 152M8 _cTEXL _2CC |
||
| 999 |
_c388386 _d388386 |
||